Music Trivia: The 1990s - Statistics

General Stats
  • This quiz has been taken 22 times
  • The average score is 4 of 15
Answer Stats
Hint Answer % Correct
"Wonderwall" & "Champagne Supernova" are '90s songs by... Oasis
100%
The Academy Award for Best Music (Original Song) in 1994 went to "Streets of Philadelphia" by... Bruce Springsteen
85%
The 1994 Grammy for Album of the Year went to one of the best-selling soundtrack albums of all time. The title of the movie that soundtrack was for is... The Bodyguard
40%
The 1997 Grammy for Best Rock Song went to "Give Me One Reason" by... Tracy Chapman
30%
R.E.M. released perhaps their most respected album between 1991's "Out of Time" and 1994's "Monster". That highly regarded album is called... Automatic for the People
25%
In 1994 John Williams won the Academy Award for Best Music (Original Score) with his music for the movie... Schindler's List
25%
"Building a Mystery", "Drawn to the Rhythm" & "I Will Remember You" are all '90s songs by singer/songwriter... Sarah McLachlan
20%
"New Miserable Experience" & "Congratulations... I'm Sorry" are the two '90s albums by .. Gin Blossoms
15%
The Grammy for Best Female Country Performance for the years 1991 through 1995 (Down at the Twist & Shout, I Feel Lucky, Passionate Kisses & Shut Up & Kiss Me) were all by... Mary Chapin Carpenter
15%
"Jungle Fever", "Conversation Peace" & "Natural Wonder" are the three '90s albums by Saginaw Michigan native... Stevie Wonder
15%
The Grammy for Best Rock Instrumental in 1992 went to Eric Johnson for his guitar tour de force... Cliffs of Dover
10%
"Bandwagonesque" & "Songs From Northern Britain" are '90s albums by Scottish band... Teenage Fanclub
10%
"Warm Your Heart", "The Grand Tour" & "The Tattooed Heart" are three of the beautiful '90s albums by what New Orleans native? Aaron Neville
5%
The Grammy for Best Pop Album in 1996 went to "Turbulent Indigo" by what Canadian artist? Joni Mitchell
5%
In 1993 the Grammy for Best Tropical Latin Album & the Grammy for Best Mexican-American Album both went to albums by what Tucson, Arizona native? Linda Ronstadt
5%
No matching quizzes found
Score Distribution
Percent of People with Each Score
Percentile by Number Answered
Your Score History
You have not taken this quiz